00701cam a22002053a 450000100060000000300060000600500170001200800410002904000150007004200070008505000070009224501760009926000290027550600300030451600200033465300410035470000290039583000290042485600420045320409PGUSA20140828083430.0070121s2007||||xxu|||||s|||||000 | eng d aPGUSAbeng adc 4aAG10aNotes and Queries, Number 186, May 21, 1853 :bA Medium of Inter-communication for Literary Men, Artists, Antiquaries, Genealogists, etc.h[electronic resource] /cVarious bProject Gutenberg,c2007 aPublic domain in the USA. aElectronic text aQuestions and answers -- Periodicals1 aBell, George,d1814-1890 0aProject Gutenbergv2040940uhttp://www.gutenberg.org/ebooks/20409